Prasāda ke nārī caritra; (Record no. 62190)

MARC details
000 -LEADER
fixed length control field 00992cam a22002771 4500
001 - CONTROL NUMBER
control field sa 65001732
003 - CONTROL NUMBER IDENTIFIER
control field DLC
005 - DATE AND TIME OF LATEST TRANSACTION
control field 20260227112111.0
008 - FIXED-LENGTH DATA ELEMENTS--GENERAL INFORMATION
fixed length control field 831216s1964 ii b 000 0 hino
010 ## - LIBRARY OF CONGRESS CONTROL NUMBER
LC control number sa 65001732
025 ## - OVERSEAS ACQUISITION NUMBER
Overseas acquisition number PL480:I-H-1948
035 ## - SYSTEM CONTROL NUMBER
System control number (OCoLC)21649692
040 ## - CATALOGING SOURCE
Original cataloging agency DLC
Transcribing agency CU
Modifying agency DLC
042 ## - AUTHENTICATION CODE
Authentication code premarc
050 00 - LIBRARY OF CONGRESS CALL NUMBER
Classification number PK2032
Item number .T4
100 1# - MAIN ENTRY--PERSONAL NAME
Personal name Ṭhākura, Deveśa,
Dates associated with a name 1933-
245 10 - TITLE STATEMENT
Title Prasāda ke nārī caritra;
Remainder of title ādhunika Bhāratīya samāja tathā Hindī sāhitya meṃ nārī-sthiti ke vistr̥ta vevecana ka sātha.
Statement of responsibility, etc. [Lekhaka] Deveśa Ṭhākura.
260 ## - PUBLICATION, DISTRIBUTION, ETC.
Place of publication, distribution, etc. Dillī,
Name of publisher, distributor, etc. Navayuga Prakāśana
Date of publication, distribution, etc. [1965]
300 ## - PHYSICAL DESCRIPTION
Extent 3, 560 p.
Dimensions 22 cm.
500 ## - GENERAL NOTE
General note In Hindi.
500 ## - GENERAL NOTE
General note "...Sāgara Viśvavidyālaya se Pī.-eca. Ḍī. kī upādhi ke lie svīkr̥ta śodha prabandha."
504 ## - BIBLIOGRAPHY, ETC. NOTE
Bibliography, etc. note Bibliography: p. [549]-556.
600 10 - SUBJECT ADDED ENTRY--PERSONAL NAME
Personal name Prasad, Jai Shankar,
Dates associated with a name 1889-1937.
650 #0 - SUBJECT ADDED ENTRY--TOPICAL TERM
Topical term or geographic name entry element Women in literature.
650 #0 - SUBJECT ADDED ENTRY--TOPICAL TERM
Topical term or geographic name entry element Hindi literature
General subdivision History and criticism.

No items available.

Powered by Koha